Energy efficiency and microgeneration bill 2006-2007 (Record no. 106264)

MARC details
000 -LEADER
fixed length control field 01070cam a2200241 4500
001 - CONTROL NUMBER
control field L135979
008 - FIXED-LENGTH DATA ELEMENTS--GENERAL INFORMATION
fixed length control field 061221n2006 000 0 eng u
035 ## - SYSTEM CONTROL NUMBER
System control number (Sirsi) u135979
041 0# - LANGUAGE CODE
Language code of text/sound track or separate title eng
110 1# - MAIN ENTRY--CORPORATE NAME
Corporate name or jurisdiction name as entry element United Kingdom Parliament
Subordinate unit House of Lords
9 (RLIN) 3232
245 00 - TITLE STATEMENT
Title Energy efficiency and microgeneration bill 2006-2007
260 ## - PUBLICATION, DISTRIBUTION, ETC.
Place of publication, distribution, etc. London
Name of publisher, distributor, etc. UK Parliament
Date of publication, distribution, etc. 2006
520 ## - SUMMARY, ETC.
Summary, etc. Introduced to make provision about the energy rating of residential properties on the market and to make provision about energy efficiency and microgeneration.
590 ## - LOCAL NOTE (RLIN)
Local note KA
650 24 - SUBJECT ADDED ENTRY--TOPICAL TERM
Topical term or geographic name entry element ENERGY EFFICIENCY AND MICROGENERATION BILL 2006
651 #4 - SUBJECT ADDED ENTRY--GEOGRAPHIC NAME
Geographic name England
Chronological subdivision 886-
651 #4 - SUBJECT ADDED ENTRY--GEOGRAPHIC NAME
Geographic name Wales
Chronological subdivision 1998-2007
651 #4 - SUBJECT ADDED ENTRY--GEOGRAPHIC NAME
Geographic name Scotland
Chronological subdivision 1999-
690 ## - LOCAL SUBJECT ADDED ENTRY--TOPICAL TERM (OCLC, RLIN)
Topical term or geographic name as entry element ENVIRONMENTAL AND LAND CONSULTANCY-ENERGY-ENERGY USE-ENERGY CONSERVATION
700 1# - ADDED ENTRY--PERSONAL NAME
Personal name Redesdale, Rupert Bertram Mitford
Titles and other words associated with a name Baron
Dates associated with a name 1967
856 40 - ELECTRONIC LOCATION AND ACCESS
Uniform Resource Identifier <a href="https://www.publications.parliament.uk/pa/pabills/200607/energy_efficiency_and_microgeneration.htm">https://www.publications.parliament.uk/pa/pabills/200607/energy_efficiency_and_microgeneration.htm</a>
Public note View this Bill free of charge at www.publications.parliament.gov.uk...
942 ## - ADDED ENTRY ELEMENTS (KOHA)
Suppress in OPAC 0
Holdings
Withdrawn status Lost status Source of classification or shelving scheme Damaged status Not for loan Home library Current library Shelving location Date acquired Total Checkouts Full call number Barcode Date last seen Copy number Price effective from Koha item type
    Dewey Decimal Classification     Virtual Virtual Online 21/12/2006   ONLINE PUBLICATION 135979-1001 06/08/2019 1 06/08/2019 Book